UM Logo

Public lives: (Record no. 11894)

MARC details
000 -LEADER
fixed length control field 00515nam a22001577a 4500
008 - FIXED-LENGTH DATA ELEMENTS--GENERAL INFORMATION
fixed length control field 190111b ||||| |||| 00| 0 eng d
020 ## - INTERNATIONAL STANDARD BOOK NUMBER
International Standard Book Number 971-27-0694-X
082 ## - DEWEY DECIMAL CLASSIFICATION NUMBER
Edition number ©1998
Classification number DFil 302.1
Item number D28
100 ## - MAIN ENTRY--PERSONAL NAME
Personal name David, Randy
9 (RLIN) 28319
245 ## - TITLE STATEMENT
Title Public lives:
Remainder of title essays on selfhood and social solidarity/
Statement of responsibility, etc. Randy David
260 ## - PUBLICATION, DISTRIBUTION, ETC. (IMPRINT)
Place of publication, distribution, etc. Pasig City:
Name of publisher, distributor, etc. Anvil Pub.,
Date of publication, distribution, etc. ©1998
300 ## - PHYSICAL DESCRIPTION
Extent xvii, 246 pages:
Other physical details illustrations;
Dimensions 22 cm.
650 ## - SUBJECT ADDED ENTRY--TOPICAL TERM
Topical term or geographic name as entry element Social interaction
9 (RLIN) 33830
650 ## - SUBJECT ADDED ENTRY--TOPICAL TERM
Topical term or geographic name as entry element Social attitudes
9 (RLIN) 33831
942 ## - ADDED ENTRY ELEMENTS (KOHA)
Source of classification or shelving scheme Dewey Decimal Classification
Koha item type Filipiniana
Holdings
Withdrawn status Lost status Source of classification or shelving scheme Damaged status Not for loan Collection code Home library Current library Date acquired Source of acquisition Total Checkouts Full call number Barcode Date last seen Copy number Price effective from Koha item type
    Dewey Decimal Classification     Filipiniana UM Digos College - LIC UM Digos College - LIC 07/10/2003 Purchased   DFil 302.1 D28 1998 16112 05/15/2025 1 01/11/2019 Filipiniana